Desarrollo e integración en Centroamérica : del pasado a las perspectivas /

Estudio sobre el desarrollo económico en Centroamérica durante la década de 1980. Se explica que los países de esta zona implementaron políticas conjuntas que les permitieron un mayor desarrollo industrial y, por lo tanto, una mayor exportación de bienes; como consecuencia de ello, iniciaron un proc...

Descripción completa

Guardado en:
Detalles Bibliográficos
Autor principal: Guerra-Borges, Alfredo (autor)
Formato: Libro
Idioma:Español
Publicado: Managua, Nicaragua : México : Coordinadora Regional de Investigaciones Económicas y Sociales ; UNAM, Instituto de Investigaciones Económicas : Ediciones de Cultura Popular, 1988, c1988
Temas:
Etiquetas: Agrega una etiqueta
Sin etiquetas, Sé el primero en etiquetar este registro!

MARC

LEADER 00000nam^a2200000^a^4500
001 000318596
005 20250623000000.0
009 20260310113416.942
020 |a 968-837-870-4 
025 |a Donación Miguel C. Villazana, 1 ejemplar 
037 |a Acervo ITESO - Biblioteca 
041 |a ESP 
082 |a 330. 972805  |b GUE 
100 |a Guerra-Borges, Alfredo  |e (autor) 
245 1 0 |a Desarrollo e integración en Centroamérica :  |b del pasado a las perspectivas /  |c A. Guerra-Borges. 
264 4 |a Managua, Nicaragua :  |b Coordinadora Regional de Investigaciones Económicas y Sociales ;  |a México :  |b UNAM, Instituto de Investigaciones Económicas :  |b Ediciones de Cultura Popular,  |c 1988, c1988 
300 |a 174 p. 
336 |a texto  |b txt  |2 rdacontenido 
337 |a sin mediación  |b n  |2 rdamedio 
338 |a volumen  |b nc  |2 rdasoporte 
520 |a Estudio sobre el desarrollo económico en Centroamérica durante la década de 1980. Se explica que los países de esta zona implementaron políticas conjuntas que les permitieron un mayor desarrollo industrial y, por lo tanto, una mayor exportación de bienes; como consecuencia de ello, iniciaron un proceso de integración económica. 
649 |a XX 
650 |a Apertura Comercial e Integración Económica -  |z América Central -  |x Tema Principal 
650 |a Tratados Internacionales -  |z América Central 
650 |a Industrialización -  |z América Central 
650 |a Comercio Exterior -  |z América Central 
650 |a Producción Económica -  |z América Central 
650 |a Desarrollo Regional -  |z América Central 
650 |a Desarrollo Económico-Social -  |z América Central -  |x Tema Principal 
650 |a Política Industrial -  |z América Central 
650 |a Política Económica -  |z América Central 
650 |a Políticas Públicas -  |z América Central 
650 |a Economía -  |z América Central -  |x Historia -  |y 1980-1989 
650 |a Economía -  |z América Central -  |x Historia -  |y Siglo XX 
650 |a América Central -  |x Condiciones Económicas 
910 |a Fondo General 
920 |a Impresos - Libros 
930 |a Colección General 
905 |a 101 
901 |a 0500205638  |b IT1  |c ACC  |d DT  |i D  |u 20250623 
902 |a https://opac.biblio.iteso.mx/vufind/Record/000318596